| 000 | 00709nam a2200217 i 4500 | ||
|---|---|---|---|
| 001 | 39351 | ||
| 003 | ES-MaACL | ||
| 005 | 20230906155945.0 | ||
| 007 | t| | ||
| 008 | 030227s1966 sp ||||1| spa d | ||
| 100 | 1 |
_aCanal, André. _934368 |
|
| 245 | 1 | 3 |
_aLa crisis de la adolescencia _b: su enfrentamiento con el mundo actual / _cAndré Canal ; [versión de Pedro Darnell]. |
| 260 |
_aBarcelona : _bNova Terra, _c1966. |
||
| 300 |
_a134 p. ; _c20 cm. |
||
| 490 | 1 |
_aColección "Navidad" ; _v11 |
|
| 650 | 0 | 4 |
_aAdolescentes- _xPsicología. _99649 |
| 700 | 0 |
_aDarnell, Pedro. _942741 |
|
| 830 | 0 |
_aColección "Navidad" ; _v11 _9181795 |
|
| 852 |
_aES-MaACL _jC-29390 _bR.59751 |
||
| 999 |
_c39351 _d39351 |
||